[Event "Hamburg Junge op"]
[Site "Hamburg"]
[Date "2005.10.03"]
[Round "3"]
[White "Diez, Hans Werner"]
[Black "Schoknecht, Sabine"]
[Result "1-0"]
[WhiteElo "1738"]
[BlackElo "1487"]
[PlyCount "113"]
[EventDate "2005.10.01"]
[EventType "swiss"]
[EventRounds "9"]
[EventCountry "GER"]
[SourceTitle "CBM 108 Extra"]
[Source "ChessBase"]
[SourceDate "2005.11.04"]
[SourceVersion "1"]
[SourceVersionDate "2005.11.04"]
[SourceQuality "1"]

1. e4 e6 2. d4 d5 3. exd5 exd5 4. Nf3 Bf5 5. c4 Nf6 6. Nc3 Bb4 7. Bd3 Qe7+ 8. Be3 Bxc3+ 9. bxc3 Bxd3 10. Qxd3 0-0 11. 0-0 dxc4 12. Qxc4 c6 13. Rfe1 Qc7 14. Rad1 Nd5 15. Bc1 Nd7 16. Qb3 Rfe8 17. c4 N5f6 18. Bb2 Ne4 19. Qd3 Qf4 20. Bc1 Qf5 21. Re2 Ndf6 22. Rde1 Nd6 23. Rxe8+ Rxe8 24. Rxe8+ Nfxe8 25. Qxf5 Nxf5 26. Kf1 Ned6 27. c5 Ne4 28. Bb2 f6 29. Ke2 Kf7 30. Nd2 Nxd2 31. Kxd2 Nh4 32. g3 Nf3+ 33. Ke2 Ng5 34. f4 Ne4 35. g4 Ke6 36. Ke3 Kd5 37. Ba1 g6 38. Bb2 h6 39. Ba1 f5 40. gxf5 gxf5 41. Kd3 Nf2+ 42. Ke2 Ng4 43. h3 Nh2 44. Ke3 b5 45. cxb6 axb6 46. Bb2 Kc4 47. Kf2 Kd5 48. Kg2 Ke4 49. Kxh2 Kxf4 50. Kg2 h5 51. Kf2 Ke4 52. Ke2 Kf4 53. Bc3 Ke4 54. Bd2 Kxd4 55. Be3+ Ke4 56. Bxb6 f4 57. a4 1-0

[Event "Hamburg Junge op"]
[Site "Hamburg"]
[Date "2005.10.01"]
[Round "1"]
[White "Diez, Hans Werner"]
[Black "Schulz, Michael"]
[Result "0-1"]
[WhiteElo "1738"]
[BlackElo "2235"]
[PlyCount "136"]
[EventDate "2005.10.01"]
[EventType "swiss"]
[EventRounds "9"]
[EventCountry "GER"]
[SourceTitle "CBM 108 Extra"]
[Source "ChessBase"]
[SourceDate "2005.11.04"]
[SourceVersion "1"]
[SourceVersionDate "2005.11.04"]
[SourceQuality "1"]

1. e4 g6 2. d4 c6 3. Nf3 Bg7 4. Be2 d5 5. e5 f6 6. 0-0 Nh6 7. exf6 exf6 8. c4 0-0 9. Nc3 dxc4 10. Bxc4+ Kh8 11. h3 Nd7 12. Bf4 Nb6 13. Bb3 g5 14. Be3 g4 15. Bxh6 Bxh6 16. hxg4 Bxg4 17. Qd3 Bxf3 18. Qxf3 Qxd4 19. Rad1 Qf4 20. Qd3 Rae8 21. Ne2 Qe4 22. Qh3 Qg6 23. Nd4 Re5 24. Bc2 Qh5 25. Qd3 Bf4 26. g3 Qh3 27. Qf3 Nd5 28. Qg2 Qh5 29. Qh2 Qxh2+ 30. Kxh2 Rh5+ 31. Kg2 Be5 32. Rfe1 Rg8 33. Bb3 Bxd4 34. Rxd4 Rd8 35. Rde4 Rg5 36. Rh1 Rg7 37. Reh4 Kg8 38. Rd4 Rg5 39. Rh6 Kg7 40. Rdh4 Rh8 41. Bc2 Nf4+ 42. Kh2 Ng6 43. Rh3 Nf8 44. R6h4 Ng6 45. Rd4 Rd5 46. Rxd5 cxd5 47. f4 Re8 48. Kg1 Re1+ 49. Kf2 Rc1 50. Bb3 Rb1 51. Bxd5 Rxb2+ 52. Ke3 Ne7 53. Bb3 Rg2 54. Kf3 Rd2 55. Ke3 Rd7 56. Rh1 Nf5+ 57. Kf3 Nd4+ 58. Ke3 Nxb3 59. axb3 Rd6 60. Rc1 Rb6 61. Rc3 h5 62. Kd2 Kg6 63. Ke3 Kf5 64. Kf3 Rb5 65. Re3 a5 66. Rc3 b6 67. Rd3 Rc5 68. Re3 b5 0-1